000 00807nam a2200229Ia 4500
001 15301
003 GE_BSU
008 181216s||||||||xx |||||||||||||| ||und||
040 _cGE_BSU
080 _a821.353.1+82-93:821.353.1-32
100 _aყაზბეგი,ალექსანდრე
245 _aთხზულებანი ორ ტომად. ტ.10
245 _bმოთხრობები
245 _cშეადგ. წინასიტყვ. და ლექსიკონი დაურთო ლ.მინაშვილმა
260 _aთბილისი
260 _bნაკადული
260 _c1976
300 _a346გვ.21სმ.
653 _aთხზულებანი
653 _aმოთხრობები
942 _cBK
999 _c48409
_d48409